000 00630nam a2200205Ia 4500
003 IN-BaIIA
008 211028s9999 xx 000 0 eng d
020 _a0-19-503437-6
040 _cIIA Library
080 _a532.5
_bMIH
100 _aMihalas, Dimitri
_96040
245 0 _aFoundations of radiation hydrodynamics
_cDimitri Mihalas and Barbara Weibel Mihalas
260 _aNew York
_bOxford University Press
_c1984
300 _axv, 718p.
650 _aAstronomy and astrophysics thesaurus
650 _aHydrodynamics
_91514
650 _aRadiative transfer
_91568
700 _aMihalas, Barbara Weibel
_913891
942 _cBK
999 _c8283
_d8283